Elements d'une philosopie politique

Uloženo v:
Podrobná bibliografie
Hlavní autor: Trigeaud, Jean Marc (Autor)
Médium: Kniha
Jazyk:francouzština
Vydáno: Burdeos Biere 1993
Témata:
Tagy: Přidat tag
Žádné tagy, Buďte první, kdo vytvoří štítek k tomuto záznamu!

MARC

LEADER 00000nam a2200000 a 4500
001 UCX8919
003 CL-VaPUC
008 940505e19930000FR |||||||||||||||||fre|d
082 0 4 |a 320.01  |b TRI  |2 21 
100 0 |a Trigeaud, Jean Marc  |e author  |9 326159 
245 1 0 |a Elements d'une philosopie politique 
300 |a 156 p 
942 |c BK 
945 |d 19940505 00:00:00  |a aalvarez 
260 |a Burdeos  |b Biere  |c 1993 
650 7 |a FILOSOFIA POLITICA  |2 CL-VaPUC  |9 326160 
583 |a last modification  |c 20120812 03:03:47  |k Rodrigo Vera 
999 |c 228286  |d 228284 
952 |0 0  |1 0  |4 0  |6 320_010000000000000_TRI_1993  |7 0  |8 DER_TF  |9 228191  |a BIBDER  |b BIBDER  |d 2019-11-15  |i 2976269  |o 320.01 TRI 1993  |p 2976269  |r 2023-01-25  |w 2019-11-15  |x Ubicación 4to Piso  |y BK  |z Estos recursos deben solicitarse con anticipación  |k DER